| 000 | 00930cpcaa2200265 4500 | ||
|---|---|---|---|
| 001 | mm 79004885 | ||
| 003 | DLC | ||
| 005 | 20260227111648.0 | ||
| 008 | 790731|||||||||||| eng | ||
| 010 | _amm 79004885 | ||
| 040 |
_aDLC _cDLC _dDLC _edacs _dDLC |
||
| 072 | 7 |
_aW _2lcmd |
|
| 100 | 1 |
_aLincoln, Abraham, _d1809-1865. |
|
| 245 | 0 | 0 |
_aAbraham Lincoln papers, _f1895-1946. |
| 300 |
_a9 _fitems. |
||
| 506 | 0 | _aOpen to research. | |
| 520 | 8 | _aCollection concerns Lincoln's birth. | |
| 533 |
_aIn part, typewritten transcript. _b[S.l.]. |
||
| 546 | _aCollection material in English. | ||
| 580 | _aForms part of: Miscellaneous Manuscripts collection. | ||
| 999 |
_c41681 _d41681 |
||